[Event "XVI Carlos Torre Mem"]
[Site "Merida MEX"]
[Date "2003.12.12"]
[Round "1"]
[White "Luther,T"]
[Black "Berry,J"]
[Result "1-0"]
[WhiteElo "2580"]
[BlackElo "2269"]
[EventDate "2003.12.12"]

1. e4 e5 2. Nf3 Nc6 3. Bb5 g6 4. d4 exd4 5. Bg5 Be7 6. Bxe7 Qxe7 7. Bxc6
bxc6 8. Qxd4 Nf6 9. Nc3 O-O 10. O-O-O a5 11. e5 Ne8 12. h4 Rb8 13. a3 f6
14. Rhe1 Ng7 15. Qa7 Rb7 16. Qxa5 Ne6 17. h5 g5 18. Nd4 Nxd4 19. Rxd4 d5
20. f4 gxf4 21. e6 Bxe6 22. Rxf4 Qd6 23. g3 Bf7 24. h6 Bg6 25. Nd1 c5 26.
Qc3 c6 27. Ref1 Rbf7 28. Nf2 c4 29. Ng4 f5 30. Ne3 Qe7 31. Kb1 Qg5 32. Ng4
Re8 33. Ne5 Qxh6 34. Nxf7 Kxf7 35. g4 Kg8 36. gxf5 Bh5 37. Rh4 Qg5 38. Rfh1
1-0

[Event "XVI Carlos Torre Mem"]
[Site "Merida MEX"]
[Date "2003.12.12"]
[Round "1"]
[White "Navarro,R"]
[Black "Milov,V"]
[Result "0-1"]
[WhiteElo "2258"]
[BlackElo "2574"]
[EventDate "2003.12.12"]

1. e4 c5 2. Nf3 e6 3. d4 cxd4 4. Nxd4 a6 5. c4 Nf6 6. Nc3 Qc7 7. Be3 Bb4 8.
Bd3 b6 9. Qb3 Bc5 10. Nc2 Nc6 11. Na4 Ne5 12. f3 Bxe3 13. Nxe3 b5 14. cxb5
Qa5+ 15. Ke2 Nxd3 16. Kxd3 axb5 17. Nc3 b4 18. Ne2 O-O 19. Kd2 Bb7 20. Rhc1
d5 21. exd5 Nxd5 22. Ke1 e5 23. Nc4 Qd8 24. Kf2 Ra6 25. Kg1 Qg5 26. Ng3 Nf4
27. Qc2 Rh6 28. Nd2 Rc6 29. Nc4 Rh6 30. Re1 Qh4 31. Nf1 Nxg2 32. Kxg2 Qg4+
33. Ng3 Qxf3+ 34. Kg1 Rg6 0-1

[Event "XVI Carlos Torre Mem"]
[Site "Merida MEX"]
[Date "2003.12.12"]
[Round "1"]
[White "Hernandez,Gi"]
[Black "Hernandez,Ya"]
[Result "1-0"]
[WhiteElo "2538"]
[BlackElo "2250"]
[EventDate "2003.12.12"]

1. e4 c5 2. Nc3 e6 3. Nf3 Nc6 4. d4 cxd4 5. Nxd4 Qc7 6. g3 a6 7. Bg2 Nf6 8.
O-O Nxd4 9. Qxd4 Bc5 10. Bf4 d6 11. Qd2 h6 12. Rad1 e5 13. Be3 Ke7 14. Bxc5
Qxc5 15. Na4 Qc7 16. f4 Rd8 17. fxe5 dxe5 18. Qb4+ Ke8 19. Nb6 Rb8 20. Nd5
Nxd5 21. exd5 Rd6 22. Qe4 Qe7 23. Rde1 f6 24. c4 Rd8 25. b4 b6 26. a3 Bb7
27. Qh7 a5 28. Bh3 Qf8 29. Rxe5+ fxe5 30. Qg6+ 1-0

[Event "XVI Carlos Torre Mem"]
[Site "Merida MEX"]
[Date "2003.12.12"]
[Round "1"]
[White "Garmendez Gonzalez,C"]
[Black "Gonzalez Zamora,J"]
[Result "0-1"]
[WhiteElo "2242"]
[BlackElo "2473"]
[EventDate "2003.12.12"]

1. Nf3 Nf6 2. g3 d5 3. Bg2 c6 4. d3 Bf5 5. Nc3 e6 6. O-O Be7 7. a4 h6 8.
Re1 O-O 9. Nd2 Bh7 10. e4 Na6 11. e5 Nd7 12. f4 Nc7 13. Ne2 f6 14. exf6
Bxf6 15. d4 Kh8 16. Nf3 Ne8 17. g4 Nd6 18. g5 Be7 19. Ng3 Ne4 20. gxh6 gxh6
21. f5 exf5 22. Bxh6 Rg8 23. Bf4 Qf8 24. Rf1 Rg4 25. Ne5 Rxf4 26. Rxf4 Nxe5
27. Bxe4 dxe4 28. dxe5 Bg5 29. Qf1 Qc5+ 30. Kh1 Bxf4 31. Qxf4 Re8 32. e6
Qd5 33. e7 e3+ 34. Kg1 Qc5 35. Re1 Rxe7 36. Kg2 Qxc2+ 0-1

[Event "XVI Carlos Torre Mem"]
[Site "Merida MEX"]
[Date "2003.12.12"]
[Round "1"]
[White "Ramirez,Al"]
[Black "Rendon,J"]
[Result "1-0"]
[WhiteElo "2483"]
[BlackElo "2225"]
[EventDate "2003.12.12"]

1. d4 Nf6 2. c4 e6 3. Nc3 d5 4. cxd5 exd5 5. Bg5 Be7 6. Qc2 O-O 7. e3 c5 8.
dxc5 d4 9. O-O-O Bxc5 10. Bxf6 Qxf6 11. Ne4 Qe6 12. Nxc5 Qxa2 13. exd4 Nc6
14. Qa4 Qd5 15. Nf3 b6 16. Bc4 Qd6 17. Nd3 Na5 18. Ba2 Bd7 19. Qa3 Rac8+
20. Kb1 Qf6 21. Nde5 Be6 22. Rc1 Bxa2+ 23. Qxa2 g6 24. Rxc8 Rxc8 25. Rc1
Rxc1+ 26. Kxc1 Nc6 27. Qd5 Ne7 28. Qa8+ Kg7 29. Qxa7 Nd5 30. g3 g5 31. Qd7
Ne7 32. Ng4 Qe6 33. Qxe6 fxe6 34. Kd2 Nd5 35. Ne3 Nf6 36. Ne5 h5 37. f3 Ne8
38. Kc3 1-0

[Event "XVI Carlos Torre Mem"]
[Site "Merida MEX"]
[Date "2003.12.12"]
[Round "1"]
[White "Baltazar,R"]
[Black "Quezada,Y"]
[Result "1/2-1/2"]
[WhiteElo "2224"]
[BlackElo "2475"]
[EventDate "2003.12.12"]

1. d4 Nf6 2. Nf3 e6 3. e3 b6 4. Bd3 Bb7 5. Nbd2 c5 6. c3 Be7 7. O-O O-O 8.
e4 d6 9. Qe2 cxd4 10. cxd4 Nbd7 11. Rd1 Re8 12. Nf1 a6 13. Ng3 Nf8 14. h3
Ng6 15. Be3 Nd7 16. Rac1 b5 17. Rc2 Rc8 18. Rdc1 Rxc2 19. Qxc2 Qa8 20. Bg5
Bxg5 21. Nxg5 h6 22. Nf3 Nf4 23. Qd2 Nxd3 24. Qxd3 Nf6 25. Nd2 Rc8 26.
Rxc8+ Qxc8 27. Qc3 Qd8 28. f3 Qb6 29. b4 Nd7 30. Kf1 Nb8 31. Nb3 Nc6 32.
Nh5 d5 33. e5 Qd8 34. Nc5 Qa8 35. f4 Ne7 36. g4 Bc8 37. Kf2 Qc6 38. Ng3 Qc7
39. Ne2 Ng6 40. a3 Ne7 41. h4 f6 42. exf6 gxf6 43. Qe3 Kf7 44. h5 Qc6 45.
f5 exf5 46. Qxh6 Qd6 47. Nf4 fxg4 48. Qh7+ Ke8 49. Qh8+ Kf7 50. Qh7+ Ke8
1/2-1/2

[Event "XVI Carlos Torre Mem"]
[Site "Merida MEX"]
[Date "2003.12.12"]
[Round "1"]
[White "Zapata,A"]
[Black "Martin del Campo,J"]
[Result "1-0"]
[WhiteElo "2472"]
[BlackElo "2223"]
[EventDate "2003.12.12"]

1. e4 c5 2. Nf3 d6 3. d4 cxd4 4. Nxd4 Nf6 5. Nc3 Nc6 6. Bc4 Qb6 7. Nb3 e6
8. O-O Be7 9. Kh1 O-O 10. f4 a6 11. Qf3 Qc7 12. Bd3 Bd7 13. Bd2 b5 14. Rae1
b4 15. Nd1 a5 16. c3 Rab8 17. Bb1 a4 18. Nc1 e5 19. Ne3 bxc3 20. Bxc3 Nd4
21. Qd1 Nb5 22. Bb4 Rfe8 23. fxe5 dxe5 24. Bxe7 Rxe7 25. Rxf6 gxf6 26. Nd5
Qd6 27. Rf1 Re6 28. Ne2 Nc7 29. Ng3 Ne8 30. Nf5 Qa6 31. Bd3 Qa5 32. Qc1 Rd6
33. Nfe7+ Kh8 34. Qh6 1-0

[Event "XVI Carlos Torre Mem"]
[Site "Merida MEX"]
[Date "2003.12.12"]
[Round "1"]
[White "Capo Vidal,U"]
[Black "Gonzalez Garcia,J"]
[Result "0-1"]
[WhiteElo "2206"]
[BlackElo "2449"]
[EventDate "2003.12.12"]

1. d4 Nf6 2. c4 e6 3. Nc3 Bb4 4. Nf3 c5 5. g3 b6 6. Bg2 Bb7 7. O-O cxd4 8.
Nb5 a6 9. Nbxd4 O-O 10. Nc2 Be7 11. b3 d6 12. Bb2 Nbd7 13. Nce1 Qc7 14. Rc1
Rac8 15. Nd2 Bxg2 16. Nxg2 Qb7 17. f3 b5 18. e4 Rfe8 19. Kh1 Nc5 20. Qe2
Nfd7 21. Nf4 Bf6 22. Bxf6 Nxf6 23. Nd3 Nxd3 24. Qxd3 Rc6 25. cxb5 axb5 26.
b4 Nd7 27. Nb3 Ne5 28. Qe2 Qb6 29. Na5 Rcc8 30. Kg2 h6 31. f4 Nc6 32. Rxc6
Rxc6 33. Nxc6 Qxc6 34. Rd1 Ra8 35. Kh3 Ra4 36. Qd3 Rxa2 37. Qxd6 Qc2 38.
Qd8+ Kh7 39. e5 Qxh2+ 40. Kg4 h5+ 0-1

[Event "XVI Carlos Torre Mem"]
[Site "Merida MEX"]
[Date "2003.12.12"]
[Round "1"]
[White "Aldama,D"]
[Black "Predescu,S CAN"]
[Result "1-0"]
[WhiteElo "2447"]
[BlackElo "2196"]
[EventDate "2003.12.12"]

1. e4 c5 2. Nf3 d6 3. d4 cxd4 4. Nxd4 Nf6 5. Nc3 a6 6. Bc4 e6 7. Bb3 Nbd7
8. f4 Nc5 9. e5 dxe5 10. fxe5 Nfd7 11. Bf4 b5 12. Qh5 g6 13. Qe2 Bb7 14.
O-O-O b4 15. Na4 Qc7 16. h4 Nxb3+ 17. axb3 Bg7 18. h5 Bxe5 19. Bxe5 Qxe5
20. Qd2 g5 21. Nxe6 Qxe6 22. Rhe1 Ne5 23. Nc5 Qe7 24. Nxb7 O-O 25. Qd5 Rfe8
26. Nd6 Rad8 27. Rxe5 Qxe5 28. Qxf7+ Kh8 29. Nxe8 Rxe8 30. h6 Qf4+ 31. Qxf4
gxf4 32. Rd4 a5 33. Rxf4 1-0

[Event "XVI Carlos Torre Mem"]
[Site "Merida MEX"]
[Date "2003.12.12"]
[Round "1"]
[White "Garcia Correa,J"]
[Black "Perez,Lu"]
[Result "0-1"]
[WhiteElo "2194"]
[BlackElo "2427"]
[EventDate "2003.12.12"]

1. e4 c5 2. Nf3 Nc6 3. Nc3 d6 4. d4 cxd4 5. Nxd4 Nf6 6. Bc4 e6 7. Be3 Be7
8. Qe2 a6 9. O-O-O Qc7 10. Rhg1 O-O 11. g4 b5 12. Bd3 b4 13. Na4 d5 14. f3
dxe4 15. fxe4 Nxd4 16. Bxd4 Bb7 17. Nb6 Rad8 18. Bxf6 Bxf6 19. Nc4 Bd4 20.
Rg3 a5 21. e5 g6 22. Rh3 a4 23. Qd2 Bxe5 24. Nxe5 Qxe5 25. Qxb4 Rb8 26. Re1
Qf6 27. Rf1 Qg7 28. Qd2 a3 29. c4 Bg2 30. Qxg2 Rxb2 31. Bc2 Rxa2 32. Rb3
Rd8 33. Rd1 Qa1+ 34. Rb1 Rxd1+ 35. Kxd1 Qxb1+ 0-1

[Event "XVI Carlos Torre Mem"]
[Site "Merida MEX"]
[Date "2003.12.12"]
[Round "1"]
[White "Martinez Garcia,JoseJ"]
[Black "Hernandez,Hol"]
[Result "0-1"]
[WhiteElo "2175"]
[BlackElo "2419"]
[EventDate "2003.12.12"]

1. d4 Nf6 2. c4 e6 3. Nc3 Bb4 4. Qc2 O-O 5. Nf3 d5 6. cxd5 exd5 7. a3 Bxc3+
8. bxc3 Ne4 9. g3 c5 10. Bg2 Qa5 11. Bd2 Nc6 12. c4 Nxd2 13. Qxd2 dxc4 14.
Qxa5 Nxa5 15. dxc5 Nb3 16. Ra2 Re8 17. Rc2 Be6 18. O-O Rac8 19. Ng5 Na5 20.
Nxe6 fxe6 21. Rd1 Red8 22. Rxd8+ Rxd8 23. Be4 Rc8 24. c6 b5 25. Rb2 a6 26.
a4 c3 27. Rb1 Nxc6 28. axb5 axb5 29. Rxb5 Nd4 30. Rb6 c2 31. Bxc2 Rxc2 32.
e3 Nf3+ 33. Kg2 Ne1+ 34. Kf1 Nd3 35. Rxe6 Nxf2 36. h4 h5 37. Rg6 Kf7 38.
Rg5 Ne4 39. Rf5+ Kg6 0-1

[Event "XVI Carlos Torre Mem"]
[Site "Merida MEX"]
[Date "2003.12.12"]
[Round "1"]
[White "Baldursson,Hr"]
[Black "Martin del Campo,R"]
[Result "1-0"]
[WhiteElo "2126"]
[BlackElo "2407"]
[EventDate "2003.12.12"]

1. e4 c5 2. Nf3 d6 3. d4 cxd4 4. c3 Nf6 5. Qxd4 Nc6 6. Bb5 Bd7 7. Qd3 g6 8.
O-O Bg7 9. Bg5 O-O 10. Na3 Rc8 11. Rad1 a6 12. Bc4 Na5 13. Bd5 h6 14. Bxf6
Bxf6 15. e5 Bf5 16. Qe3 Bg7 17. e6 fxe6 18. Bxe6+ Bxe6 19. Qxe6+ Kh7 20.
Rfe1 Bf6 21. Nd4 Rc5 22. Nac2 Re5 23. Qh3 Qb6 24. Rxe5 Bxe5 25. b3 Nc6 26.
Qd7 Qc5 27. Ne3 Bxd4 28. cxd4 Qg5 29. Qxb7 Qh4 30. Rd2 Nxd4 31. Qxa6 Qf4
32. Qc4 e5 33. Qc7+ Kh8 34. Qc3 Qg5 35. Kf1 Qf4 36. Kg1 Nf5 37. Nc4 Nd4 38.
Qb2 Qe4 39. h3 Rf6 40. Kf1 Rf5 41. Nxd6 Qf4 42. Nxf5 gxf5 43. Qc3 Qe4 44.
Qd3 Qc6 45. Rd1 f4 46. Qc4 Qd6 47. b4 f3 48. gxf3 Qd7 49. Rxd4 exd4 50. Ke2
Qxh3 51. Qxd4+ Kh7 52. Qe4+ Kh8 53. b5 Qd7 54. a4 1-0

[Event "XVI Carlos Torre Mem"]
[Site "Merida MEX"]
[Date "2003.12.12"]
[Round "1"]
[White "Norgaard,J"]
[Black "Beltran,J"]
[Result "1-0"]
[WhiteElo "2406"]
[BlackElo "2115"]
[EventDate "2003.12.12"]

1. e4 e6 2. d4 d5 3. Nd2 Nf6 4. e5 Nfd7 5. f4 c5 6. c3 Nc6 7. Ndf3 cxd4 8.
cxd4 Nb6 9. Bd3 Bd7 10. Ne2 a5 11. O-O a4 12. Nc3 Nb4 13. Be2 Nc4 14. a3
Nc6 15. Bxc4 dxc4 16. Be3 Ne7 17. d5 Nxd5 18. Nxd5 exd5 19. Qxd5 Qc8 20.
Ng5 Be6 21. Nxe6 fxe6 22. Qb5+ Qc6 23. Qxc6+ bxc6 24. Rfc1 Kd7 25. Rxc4 Be7
26. Rd1+ Kc7 27. Rdc1 Ra6 28. Kf2 Rd8 29. Ke2 Rd5 30. R1c2 g5 31. g3 gxf4
32. gxf4 Rd8 33. Kf3 Rg8 34. Rg2 Rxg2 35. Kxg2 Ra5 36. Kf3 h5 37. Ke4 Bf8
38. Bd2 Ra6 39. f5 exf5+ 40. Kxf5 c5 41. Rh4 Kc6 42. Ke6 1-0

[Event "XVI Carlos Torre Mem"]
[Site "Merida MEX"]
[Date "2003.12.12"]
[Round "1"]
[White "Escobedo Tinajero,A"]
[Black "Santos Cabanas,C"]
[Result "1/2-1/2"]
[WhiteElo "2366"]
[BlackElo "2034"]
[EventDate "2003.12.12"]

1. d4 Nf6 2. c4 e6 3. Nc3 Bb4 4. Qc2 O-O 5. Bg5 d5 6. e3 b6 7. cxd5 exd5 8.
Bd3 h6 9. Bh4 Bb7 10. Nf3 Nbd7 11. O-O Re8 12. a3 Bxc3 13. bxc3 c5 14. Bb5
Re6 15. Bxd7 Qxd7 16. Ne5 Qc7 17. Bxf6 Rxf6 18. Rac1 Rd8 19. f4 Re6 20. Qd2
Qe7 21. Qd3 Bc6 22. Rce1 Be8 23. f5 Rxe5 24. dxe5 Qxe5 25. c4 Bc6 26. e4 d4
27. g3 f6 28. Rf4 Re8 29. Rg4 a6 30. Qb3 1/2-1/2

[Event "XVI Carlos Torre Mem"]
[Site "Merida MEX"]
[Date "2003.12.13"]
[Round "2"]
[White "Espinosa,Ra MEX"]
[Black "Ibarra Chami,L"]
[Result "1/2-1/2"]
[WhiteElo "2415"]
[BlackElo "2091"]
[EventDate "2003.12.12"]

1. e4 e6 2. d4 d5 3. e5 c5 4. c3 Qb6 5. Nf3 Nc6 6. a3 Bd7 7. b4 cxd4 8.
cxd4 Rc8 9. Bb2 Na5 10. Nbd2 Nc4 11. Nxc4 dxc4 12. Rc1 a5 13. Nd2 axb4 14.
Nxc4 Qd8 15. axb4 Bxb4+ 16. Bc3 Bxc3+ 17. Rxc3 Kf8 18. Qb3 Qc7 19. Qa3+ Ne7
20. Rb3 Be8 21. Nd6 Ra8 22. Qxa8 Qc1+ 23. Ke2 Qc2+ 24. Ke1 Qc1+ 25. Ke2
Qc2+ 1/2-1/2

[Event "XVI Carlos Torre Mem"]
[Site "Merida MEX"]
[Date "2003.12.13"]
[Round "2"]
[White "Castillo Delgado,M"]
[Black "Garmendez,F"]
[Result "0-1"]
[WhiteElo "1952"]
[BlackElo "2391"]
[EventDate "2003.12.12"]

1. d4 Nf6 2. c4 g6 3. Nc3 Bg7 4. e4 d6 5. Be2 O-O 6. Nf3 e5 7. O-O Nc6 8.
d5 Ne7 9. b4 Nh5 10. Re1 f5 11. Ng5 Nf6 12. f3 Kh8 13. a4 Neg8 14. c5 h6
15. Ne6 Bxe6 16. dxe6 fxe4 17. fxe4 Qe7 18. cxd6 cxd6 19. Nd5 Nxd5 20. exd5
e4 21. Rb1 Be5 22. Bb2 Bxb2 23. Rxb2 Qf6 24. Rc2 Rac8 25. Rf1 Qe5 26. Rxc8
Rxc8 27. Rf7 Qb2 28. Rf1 Rc2 29. Re1 Rd2 30. Qc1 Rxe2 31. Qxb2+ Rxb2 32.
Rxe4 Ne7 33. Rf4 Kg8 34. Rf7 Nxd5 35. Rxb7 Rxb4 36. Rxa7 Re4 37. a5 Rxe6
38. a6 Re1+ 39. Kf2 Ra1 40. Ra8+ Kf7 41. a7 Ne7 42. Rd8 Rxa7 43. Rxd6 Ra2+
44. Kf3 Nf5 45. Rd3 Nh4+ 46. Kg3 g5 47. Kg4 Rxg2+ 48. Kh5 Rxh2 49. Kxh6 0-1

[Event "XVI Carlos Torre Mem"]
[Site "Merida MEX"]
[Date "2003.12.13"]
[Round "2"]
[White "Hernandez,Hol"]
[Black "Tinajero Tristan,D"]
[Result "1-0"]
[WhiteElo "2419"]
[BlackElo "2135"]
[EventDate "2003.12.12"]

1. d4 e6 2. e4 d5 3. Nd2 Be7 4. Bd3 c5 5. dxc5 Nf6 6. Qe2 Nc6 7. Ngf3 Nb4
8. Nb3 Nxd3+ 9. cxd3 a5 10. Bg5 a4 11. Nbd2 h6 12. Bxf6 Bxf6 13. e5 Be7 14.
Rc1 Qa5 15. Qe3 Qb5 16. Rc2 Ra5 17. O-O O-O 18. Rfc1 a3 19. b3 Qb4 20. Qd4
Qb5 21. Qc3 Bd7 22. Nd4 Qa6 23. b4 Ra4 24. N2f3 Rc8 25. Qb3 Qa7 26. h4 Be8
27. g3 Kh7 28. Ne2 Ra6 29. Nc3 Qb8 30. d4 f6 31. exf6 Bxf6 32. Re1 Bh5 33.
Ne5 Qc7 34. Nb5 Qe7 35. Rc3 Rf8 36. Qc2+ Kg8 37. Nd6 Raa8 38. Rce3 b6 39.
f4 bxc5 40. dxc5 Qa7 41. b5 d4 42. Nc6 Qd7 43. Rxe6 Bf7 44. Ne7+ Bxe7 45.
Rxe7 Qg4 46. Nxf7 Qxg3+ 47. Qg2 Qxg2+ 48. Kxg2 Rxf7 49. b6 Rb8 50. Re8+ Rf8
51. Rxb8 Rxb8 52. Rb1 d3 53. c6 d2 54. c7 1-0

[Event "XVI Carlos Torre Mem"]
[Site "Merida MEX"]
[Date "2003.12.13"]
[Round "2"]
[White "Alford,J"]
[Black "Escobedo Tinajero,A"]
[Result "1/2-1/2"]
[WhiteElo "2277"]
[BlackElo "2366"]
[EventDate "2003.12.12"]

1. e4 c6 2. d4 d5 3. Nc3 dxe4 4. Nxe4 Nd7 5. Bc4 Ngf6 6. Ng5 e6 7. Qe2 Nb6
8. Bb3 h6 9. N5f3 c5 10. Bf4 Nbd5 11. Be5 Qa5+ 12. Nd2 b5 13. dxc5 Bxc5 14.
Ngf3 O-O 15. O-O Ba6 16. c3 Qb6 17. Ne4 Be7 18. Bc2 Rfd8 19. Bd3 Nxe4 20.
Qxe4 Nf6 21. Qe2 Bb7 22. Bxb5 Bxf3 23. gxf3 Bd6 24. Bxd6 Rxd6 25. Rfd1 Rad8
26. Ba4 Rd5 27. Bc2 g6 28. b3 Qc7 29. c4 Rg5+ 30. Kh1 Rxd1+ 31. Rxd1 Rh5
32. f4 Qxf4 33. f3 Re5 34. Qg2 Kg7 35. Qg3 Qe3 36. f4 Nh5 37. Qxe3 Rxe3 38.
Rf1 Re2 39. Bd1 Rxa2 40. Bxh5 gxh5 41. Rc1 Kf8 42. Rc3 Ke8 43. Kg1 a5 44.
Rh3 a4 45. bxa4 Rxa4 46. Rc3 Kd7 47. Kf2 Ra2+ 48. Kg3 h4+ 49. Kxh4 Rxh2+
50. Kg3 Rh5 51. Ra3 Rf5 52. Ra6 Rc5 53. Ra4 Kd6 54. Ra7 Rc7 55. Ra5 Rxc4
56. Rh5 Rc3+ 57. Kf2 f5 58. Rxh6 Kd5 59. Ke2 Rc6 60. Ke3 Ra6 61. Rg6 Ra4
62. Rh6 Re4+ 63. Kf3 Kd4 64. Rg6 Kd5 65. Rh6 Ra4 66. Ke3 Ra3+ 67. Kf2 Ke4
68. Rxe6+ Kxf4 69. Rb6 Ra2+ 70. Kf1 Kf3 71. Rb3+ Kg4 72. Rc3 f4 73. Rb3
1/2-1/2

[Event "XVI Carlos Torre Mem"]
[Site "Merida MEX"]
[Date "2003.12.13"]
[Round "2"]
[White "Santos Cabanas,C"]
[Black "Leon Hoyos,M"]
[Result "0-1"]
[WhiteElo "2034"]
[BlackElo "2303"]
[EventDate "2003.12.12"]

1. e4 c5 2. Nf3 Nc6 3. d4 cxd4 4. Nxd4 Nf6 5. Nc3 d6 6. f3 e5 7. Ndb5 a6 8.
Na3 Be6 9. Bg5 Rc8 10. Bxf6 Qxf6 11. Nd5 Qd8 12. c3 g6 13. Be2 b5 14. Nc2
Bh6 15. O-O O-O 16. Kh1 f5 17. a4 Rb8 18. axb5 axb5 19. Ra6 Bd7 20. Ncb4
Nxb4 21. Nxb4 Rb6 22. Rxb6 Qxb6 23. Qd5+ Kh8 24. Rd1 Qf2 25. Bd3 fxe4 26.
Bxe4 Bh3 27. gxh3 Bf4 0-1

[Event "XVI Carlos Torre Mem"]
[Site "Merida MEX"]
[Date "2003.12.13"]
[Round "2"]
[White "Perez,Lu"]
[Black "Huerta,R"]
[Result "1-0"]
[WhiteElo "2427"]
[BlackElo "2288"]
[EventDate "2003.12.12"]

1. d4 c5 2. e4 cxd4 3. Nf3 a6 4. c3 dxc3 5. Nxc3 e6 6. Bc4 d6 7. O-O Nf6 8.
Qe2 Be7 9. Rd1 Nbd7 10. e5 dxe5 11. Nxe5 O-O 12. Bf4 Qe8 13. Rd3 b5 14. Bb3
Nc5 15. Rg3 Nxb3 16. axb3 Bb7 17. Ng4 Kh8 18. Be5 Nh5 19. Rh3 f6 20. Bg3
Nxg3 21. hxg3 Qg6 22. Qxe6 Rae8 23. Ne5 1-0

[Event "XVI Carlos Torre Mem"]
[Site "Merida MEX"]
[Date "2003.12.13"]
[Round "2"]
[White "Lopez,Man MEX"]
[Black "Simutowe,A"]
[Result "0-1"]
[WhiteElo "2086"]
[BlackElo "2424"]
[EventDate "2003.12.12"]

1. e4 c5 2. Nf3 Nc6 3. d4 cxd4 4. Nxd4 e6 5. Nc3 Qc7 6. Be3 a6 7. Qd2 Nf6
8. f3 Bb4 9. a3 Be7 10. g4 h6 11. O-O-O Ne5 12. h4 b5 13. Be2 Nc4 14. Bxc4
bxc4 15. g5 Nh5 16. Nce2 g6 17. Qc3 e5 18. Nb3 d6 19. Na5 Be6 20. f4 Rc8
21. fxe5 dxe5 22. Nf4 Nxf4 23. Bxf4 f6 24. gxf6 Bxf6 25. Rhf1 Bg4 26. Rd5
O-O 27. Bxh6 Bg5+ 28. Bxg5 Rxf1+ 29. Kd2 Rd1+ 30. Ke3 Qb6+ 0-1

[Event "XVI Carlos Torre Mem"]
[Site "Merida MEX"]
[Date "2003.12.13"]
[Round "2"]
[White "Blanco Fernandez,A"]
[Black "Luther,T"]
[Result "0-1"]
[WhiteElo "2390"]
[BlackElo "2580"]
[EventDate "2003.12.12"]

1. d4 e6 2. c4 Nf6 3. Nf3 d5 4. Nc3 c6 5. e3 a6 6. Qc2 c5 7. b3 Nc6 8. cxd5
exd5 9. Be2 cxd4 10. Nxd4 Nxd4 11. exd4 Be6 12. O-O Rc8 13. Qd3 Bd6 14. Bd2
O-O 15. Rac1 Qd7 16. Bg5 Bf5 17. Qd2 Ba3 18. Rcd1 Bb4 19. Bxf6 Bxc3 20. Qg5
Bg6 21. f4 gxf6 22. Qh4 Rfe8 23. Bd3 f5 24. g4 Qe7 25. Qh6 Bxd4+ 0-1

[Event "XVI Carlos Torre Mem"]
[Site "Merida MEX"]
[Date "2003.12.13"]
[Round "2"]
[White "Milov,V"]
[Black "Hernandez,G MEX"]
[Result "1-0"]
[WhiteElo "2574"]
[BlackElo "2311"]
[EventDate "2003.12.12"]

1. d4 e6 2. c4 d5 3. Nc3 Nf6 4. cxd5 exd5 5. Bg5 Be7 6. e3 O-O 7. Bd3 Nbd7
8. Nge2 Re8 9. O-O c5 10. Bf5 cxd4 11. Nxd4 g6 12. Bxd7 Qxd7 13. Qb3 Rd8
14. Rad1 b6 15. Nf3 Bb7 16. e4 Qe6 17. Bxf6 Bxf6 18. Nxd5 Bxd5 19. exd5 Qd6
20. Rd3 Rac8 21. g3 Rc5 22. Rfd1 a6 23. R3d2 Rb5 24. Qa4 Bxb2 25. Qxa6 Ra5
26. Qc4 Qf6 27. Rd3 Rc5 28. Qb3 Bc3 29. h4 Ba5 30. Ng5 Rc3 31. Ne4 1-0

[Event "XVI Carlos Torre Mem"]
[Site "Merida MEX"]
[Date "2003.12.13"]
[Round "2"]
[White "Gonzalez Zamora,J"]
[Black "Estrada Nieto,J"]
[Result "1-0"]
[WhiteElo "2473"]
[BlackElo "2290"]
[EventDate "2003.12.12"]

1. Nf3 d5 2. c4 dxc4 3. Na3 a6 4. Nxc4 b5 5. Ne3 Bb7 6. g3 Nf6 7. Bg2 e6 8.
O-O Nbd7 9. b3 c5 10. Bb2 Be7 11. Qc2 O-O 12. Rfd1 Qb6 13. Rac1 Rac8 14. d3
Rfd8 15. Qb1 Nd5 16. Ng4 N5f6 17. Ne3 Nd5 18. Nf1 Bf6 19. N1d2 h6 20. a3
Re8 21. Ne4 Bxb2 22. Qxb2 N5f6 23. Nxf6+ Nxf6 24. Rc2 Qd6 25. Qe5 Qe7 26.
Rdc1 c4 27. bxc4 Qxa3 28. Nd2 Bxg2 29. Kxg2 Qc5 30. Qxc5 Rxc5 31. Ra2 bxc4
32. Rxa6 Re5 33. Nxc4 Rc5 34. Ra7 Rec8 35. Rb1 R5c7 36. Rbb7 Rxb7 37. Rxb7
Ne8 38. f4 Rd8 39. Ne5 Nd6 40. Rc7 f6 41. Nc6 Ra8 42. Rd7 Nf7 43. Re7 e5
44. fxe5 Ra6 45. e6 Ng5 46. Re8+ Kh7 47. e7 1-0

[Event "XVI Carlos Torre Mem"]
[Site "Merida MEX"]
[Date "2003.12.13"]
[Round "2"]
[White "Garcia Martinez,S"]
[Black "Ramirez,Al"]
[Result "0-1"]
[WhiteElo "2353"]
[BlackElo "2483"]
[EventDate "2003.12.12"]

1. e4 c5 2. Nf3 Nc6 3. d4 cxd4 4. Nxd4 Nf6 5. Nc3 e5 6. Ndb5 d6 7. Bg5 a6
8. Na3 b5 9. Bxf6 gxf6 10. Nd5 f5 11. Bd3 Be6 12. O-O Bxd5 13. exd5 Ne7 14.
c3 Bg7 15. Qh5 e4 16. Bc2 Qc8 17. Rae1 O-O 18. Kh1 Ng6 19. f3 b4 20. fxe4
bxa3 21. exf5 axb2 22. Rf3 Qc4 23. Rh3 Rfe8 24. Rg1 Ne5 25. f6 Bxf6 26. Qf5
Bg7 27. Qxh7+ Kf8 28. Rg3 Bf6 29. Qf5 Ke7 30. Rf1 Qh4 31. Rf4 Qh6 32. Qe4
Rg8 33. Rgf3 Qg6 0-1

[Event "XVI Carlos Torre Mem"]
[Site "Merida MEX"]
[Date "2003.12.13"]
[Round "2"]
[White "Ocampo,R ARG"]
[Black "Zapata,A"]
[Result "0-1"]
[WhiteElo "2315"]
[BlackElo "2472"]
[EventDate "2003.12.12"]

1. e4 c5 2. c3 Nf6 3. e5 Nd5 4. Nf3 d6 5. d4 cxd4 6. Qxd4 e6 7. exd6 Qxd6
8. Be2 Nc6 9. Qh4 Be7 10. Qg3 O-O 11. Qxd6 Bxd6 12. Nbd2 b6 13. Nc4 Bc7 14.
Ne3 Nf4 15. Bb5 Bb7 16. g3 Ne7 17. gxf4 Bxf3 18. Rg1 Bxf4 19. Nf5 Nxf5 20.
Bxf4 e5 21. Bd7 exf4 22. Bxf5 Rad8 23. Bg4 Rfe8+ 24. Kf1 Be4 25. Rd1 f3 26.
Rxd8 Rxd8 27. Ke1 f5 28. Bh5 g6 29. Rg3 Rd3 0-1

[Event "XVI Carlos Torre Mem"]
[Site "Merida MEX"]
[Date "2003.12.13"]
[Round "2"]
[White "Gonzalez Garcia,J"]
[Black "Dominguez Aguilar,G"]
[Result "0-1"]
[WhiteElo "2449"]
[BlackElo "2289"]
[EventDate "2003.12.12"]

1. d4 Nf6 2. c4 g6 3. Nc3 Bg7 4. Nf3 d6 5. Bg5 O-O 6. e3 c5 7. Be2 Nc6 8.
d5 Na5 9. Nd2 a6 10. O-O Rb8 11. a4 h6 12. Bh4 Nh7 13. Qc2 f5 14. f4 Qe8
15. Bd3 e5 16. fxe5 dxe5 17. e4 f4 18. Bf2 b6 19. b4 Nb7 20. a5 cxb4 21.
Na4 bxa5 22. c5 Rf6 23. Nb6 Bf8 24. d6 Qc6 25. Bc4+ Be6 26. Nf3 Nxd6 27.
Nxe5 Qxe4 28. Bxe6+ Rxe6 29. Qa2 b3 30. Qxb3 Qxe5 31. cxd6 Qxd6 32. Rfd1
Qe7 33. Re1 Ng5 34. h4 Qf7 35. Rxe6 Nxe6 36. Rxa5 Nc5 37. Qxf7+ Kxf7 38.
Rxc5 Bxc5 39. Bxc5 Rd8 40. Kf2 Ke6 41. Kf3 Kf5 42. g4+ fxg3 43. Kxg3 Rd3+
44. Kg2 Kg4 45. Bf2 Rd2 46. Nc4 Ra2 47. Ne5+ Kf5 48. Nf7 a5 49. Kf3 h5 50.
Nd6+ Ke6 51. Nb5 a4 52. Bc5 Rb2 53. Na3 Kf5 54. Be3 Rb3 55. Nc2 Ke5 56. Nd4
Rc3 57. Ne2 Rc4 58. Bf4+ Ke6 59. Bg5 a3 60. Nc1 Rc2 61. Be3 a2 62. Nb3 Rc4
0-1

[Event "XVI Carlos Torre Mem"]
[Site "Merida MEX"]
[Date "2003.12.13"]
[Round "2"]
[White "Ancheyta,T"]
[Black "Aldama,D"]
[Result "0-1"]
[WhiteElo "2290"]
[BlackElo "2447"]
[EventDate "2003.12.12"]

1. e4 c5 2. c3 g6 3. d4 cxd4 4. cxd4 d5 5. e5 Bg7 6. Nc3 Nc6 7. Be3 Nh6 8.
Qb3 Nf5 9. Nf3 Nxe3 10. fxe3 e6 11. O-O-O O-O 12. e4 Na5 13. Qc2 Bd7 14.
Qd2 dxe4 15. Nxe4 Ba4 16. Re1 Rc8+ 17. Nc3 Bc6 18. Rd1 b5 19. Kb1 b4 20.
Nb5 b3 21. axb3 Nxb3 22. Qb4 Bd5 23. Nd6 a5 24. Qe1 Rb8 25. Bb5 Qb6 26. Qe2
Bxf3 0-1

[Event "XVI Carlos Torre Mem"]
[Site "Merida MEX"]
[Date "2003.12.13"]
[Round "2"]
[White "Beltran,J"]
[Black "Watanabe,A"]
[Result "0-1"]
[WhiteElo "2115"]
[BlackElo "2358"]
[EventDate "2003.12.12"]

1. d4 d5 2. c4 e6 3. Nf3 Nf6 4. g3 dxc4 5. Qa4+ Nc6 6. Qxc4 Bd6 7. Bg2 O-O
8. O-O a6 9. Nc3 Bd7 10. Bg5 h6 11. Bxf6 Qxf6 12. Ne4 Qe7 13. Nxd6 cxd6 14.
Rfc1 Rfc8 15. Qb3 Rab8 16. e3 Nd8 17. Nd2 Bc6 18. Rc3 Bxg2 19. Kxg2 Rxc3
20. Qxc3 Qd7 21. Rc1 Qc6+ 22. Qxc6 bxc6 23. b3 Kf8 24. Nc4 Ke7 25. Kf3 Rb5
26. e4 f6 27. Nb2 e5 28. dxe5 fxe5 29. Ke3 g5 30. Nd3 g4 31. f3 gxf3 32.
Kxf3 Ne6 33. Kg4 Nd4 34. Kh5 d5 35. Rc5 dxe4 36. Rxe5+ Kd7 37. Rxb5 exd3
38. Rb7+ Ke6 0-1